| 000 | 01279nam2a22002531 4500 | ||
|---|---|---|---|
| 001 | rc\2325276 | ||
| 005 | 20250623075510.0 | ||
| 035 | _a(NLR Aleph) 006674776 | ||
| 090 |
_a5022560 _c5022560 |
||
| 100 | _a20110829d1977 |||y0rusy50 ca | ||
| 101 | 0 | _arus | |
| 102 | _aRU | ||
| 105 | _aa z ||||| | ||
| 200 | 1 | _aСтатика | |
| 210 |
_d1977 _aБ. м. |
||
| 215 |
_a59 с. _cил. |
||
| 320 | _aСписок лит.: с. 38 (6 назв.) | ||
| 461 | 0 |
_1001rc\2325275 _12001#$aЛекции по методике преподавания теоретической механики для слушателей ФПК$fК.А. Михайличенко$gРост. н/Д ин-т с.-х. машиностроения$vЧ. 1 _1700#1$aМихайличенко$bК.А.$gКлавдия Александровна _95022553 _aМихайличенко, К.А. _cРостов-на-Дону _d1977 _fК.А. Михайличенко _nРИСХМ _tЛекции по методике преподавания теоретической механики для слушателей ФПК _vЧ. 1 |
|
| 606 |
_aСтатика _xМетодика преподавания (ч. 1) _2rkp |
||
| 801 | 0 |
_aRU _bNLR _gpsbo |
|
| 801 | 1 |
_aRU _bELAR _2rusmarc |
|
| 852 |
_aNLR _j77-4/28245 |
||
| 942 | _cBOOK | ||
| 980 | _aNB | ||